000
00340nam a2200145Ia 4500
008
191201s2012 xx 000 0 und d
082
_a
658.5
_b
MCO
100
_a
MCSHANE, Steven L
245
0
_a
Organizational Behavior
250
_a
3rd
260
_a
N.Delhi
_b
Tata Mc Graw Hill
_c
2012
300
_a
793
650
_a
MBA
942
_2
ddc
_c
BK
999
_c
3217
_d
3217